Which African Country? - Statistics

General Stats
  • This quiz has been taken 1,192 times
  • The average score is 9 of 15
Answer Stats
Question Answer % Correct
Which country has Portuguese as an official language? Cape Verde
97%
Which country was founded by freed slaves? Liberia
89%
Which country is landlocked? Eswatini
87%
Where would you find the city of Timbuktu? Mali
85%
Where is the island of Zanzibar? Tanzania
84%
Which country does not have a wild population of elephants? Mauritania
69%
Which country does not have a capital city beginning with N? Lesotho
66%
Which country was never colonised by a European power? Ethiopia
62%
Which country is a monarchy? Morocco
59%
The Roman Empire never held territory in which of these modern-day countries? Sudan
56%
Which country hosts the headquarters of the African Union? Ethiopia
48%
Which country is Africa's largest oil exporter? Nigeria
44%
Which of these countries most recently obtained independence? Angola
43%
Where is the Okavango Delta? Botswana
36%
Which country is not a member of the Commonwealth of Nations? Zimbabwe
21%
No matching quizzes found
Score Distribution
Percent of People with Each Score
Percentile by Number Answered
Your Score History
You have not taken this quiz